000 01547cam a2200385 a 4500
001 4896982
003 OSt
005 20260429171838.0
008 930720s1992 nyua b 001 0 eng
010 _a 93179732
020 _a0714828408
_c$35.00 ($47.50 Can.)
035 _a4896982
040 _aDLC
_cFoundation University
050 0 0 _aN 72.S6
_bA78 1992
245 0 0 _aArt in modern culture :
_ban anthology of critical texts /
_cedited by Francis Frascina and Jonathan Harris.
250 _a1st U.S. ed.
260 _aNew York :
_bIcon Editions, HarperCollins,
_cc1992.
264 _41992
300 _a341 p. :
_bill. ;
_c24 cm.
_3books
_fbooks
336 _atext
_btxt
_2rdacontent
_3books
337 _aunmediated
_bn
_2rdamedia
_3books
338 _avolume
_bnc
_2rdacarrier
_3books
500 _a"Part of an Open University course, A316: Modern Art: Practices and Debates"--P. 9.
504 _aIncludes bibliographical references and index.
650 0 _aModernism (Art)
_914030
650 0 _aArt, Modern
_y19th century.
_915634
650 0 _aArt, Modern
_y20th century.
_911160
650 0 _aArt and society.
_912701
700 1 _aFrascina, Francis.
_915737
700 1 _aHarris, Jonathan
_q(Jonathan P.)
_915738
906 _a7
_bcbc
_corignew
_d2
_encip
_f19
_gy-gencatlg
942 _2lcc
_cBK
_hN 72.S6
_i.1992 A78
_k(DAFA-FA)
999 _c5827
_d5827